Advanced topics in theoretical fluid mechanics

Αποθηκεύτηκε σε:
Λεπτομέρειες βιβλιογραφικής εγγραφής
Συγγραφή απο Οργανισμό/Αρχή: Winter School on Mathematical Theory in Fluid Mechanics
Άλλοι συγγραφείς: Malek, Josef (Επιμελητής έκδοσης), Necas, J. (Επιμελητής έκδοσης), Rokyta, M. (Mirko) (Επιμελητής έκδοσης)
Μορφή: Βιβλίο
Γλώσσα:English
Δημοσίευση: Harlow, England : Longman, c1998.
Σειρά:Pitman research notes in mathematics series ; 392
Θέματα:
Ετικέτες: Προσθήκη ετικέτας
Δεν υπάρχουν, Καταχωρήστε ετικέτα πρώτοι!

MARC

LEADER 00000cam a2200000 i 4500
001 1/104956
008 000320s1998 riu ||| | eng||
020 |a 0582368030 
035 |l 10059052 
040 |a GR-MyUA  |b gre  |e AACR2 
041 0 |a eng 
082 0 |a 532.00151  
245 1 0 |a Advanced topics in theoretical fluid mechanics /   |c J. Malek, J. Necas and M. Rokyta.  
260 |a Harlow, England :   |b Longman,   |c c1998.  
300 |a 212 σ. ;   |c 25 εκ.  
490 1 |a (Pitman research notes in mathematics series)   |v ; 392 
500 |a ...based on a series of lectures delivered...at the Fifth Winter School on Mathematical Theory in Fluid Mechanics...held in Paseky nad Jizerou, Czech rebublic during Dec, 6 - Dec 14, 1997.  
650 0 0 |a Fluid mechanics  |x Mathematics  |x Congresses. 
700 1 |a Malek, Josef,  |e edt 
700 1 |a Necas, J.  |e edt 
700 1 |a Rokyta, M.   |q (Mirko)  |e edt 
710 2 |a Winter School on Mathematical Theory in Fluid Mechanics. 
830 0 |a Pitman research notes in mathematics series ;  |v  392 
852 |a INST  |b SAMOS  |e 20000320  |h 532.00151 ADV  |p 005300015459  |q 005300015459  |t BK  |y 0 
901 |a BIBL3-2000-1 
909 |a Σ  |b 067662 
922 |a 3ΕΛΗ  |b 200002  |c ΕΠΕΑΕΚ/ΜΑΘ  |d ΠΑΠΑΣΩΤΗΡΙΟΥ 
970 |a ΓΕΝΟΥΖΟΥ  |b ΧΡΥΣΑΝΘΗ  |z 2000/03/20